000 00574nam a22001577a 4500
008 160426b xxu||||| |||| 00| 0 eng d
020 _a9789719159322
082 _22007
_aDFil 610.73599
_bP96
245 _aPublic health nursing in the Philippines/
_cFrances Prescilla L. Cuevas, editor in chief.
250 _a10th Edition
260 _a[Manila]:
_bNational League of Philippine Government Nurses,
_cc2007.
300 _a390 pages;
_c24 cm.
650 0 _96423
_aPublic health
_zPhilippines
700 _96424
_aCuevas, Frances Prescilla L.
_eeditor
942 _2ddc
_cDFIL
999 _c1999
_d1999